00593nam a22001817a 450000500170000001000140001702000260003103500130005703700130007008200150008324501000009826000450019827000570024330000210030065000330032165000300035470000270038420100811153634.0 aENG-99623 a9789380190112c500.00 aEN-83155 bDBAD/PUB a305.420954 aGender discrimination and environment :bin the 21st Century /cedited by Jagdish Prasad Sharma aNew DelhibSatyam Publishing Housec2010 aN-3/25, Mohan Garden, Uttam NagarbNew Delhie110059 a147p.c22cm (Hb) aGlobalisation-social aspects aWomen and the environment aSharma, Jagdish Prasad